[Event "SVK-chT1E 1718"]
[Site "Slovakia"]
[Date "2017.12.02"]
[Round "5.4"]
[White "Mrvova, Alena"]
[Black "Micek, Jaroslav"]
[Result "0-1"]
[WhiteElo "2174"]
[BlackElo "2061"]
[PlyCount "116"]
[EventDate "2017.10.21"]
[EventType "team-tourn"]
[EventRounds "11"]
[EventCountry "SVK"]
[SourceTitle "EXT 2019"]
[Source "ChessBase"]
[SourceDate "2018.10.10"]
[SourceVersion "1"]
[SourceVersionDate "2018.10.10"]
[SourceQuality "1"]
[WhiteTeam "Bardejov"]
[BlackTeam "Margecany OSK"]
[WhiteTeamCountry "SVK"]
[BlackTeamCountry "SVK"]

1. e4 d6 2. d4 Nf6 3. Nc3 c6 4. Bg5 Nbd7 5. Qd2 h6 6. Bh4 e5 7. Bxf6 Qxf6 8. d5 Be7 9. Nge2 0-0 10. Ng3 Nb6 11. Bd3 Qg6 12. h4 cxd5 13. Nxd5 Nxd5 14. exd5 f5 15. 0-0-0 e4 16. Bc4 Bf6 17. Ne2 b5 18. Bb3 a5 19. c3 b4 20. cxb4 axb4 21. Nd4 Ba6 22. Nc6 Rfc8 23. Rh3 Kh8 24. Kb1 Bd3+ 25. Rxd3 exd3 26. Qxd3 Re8 27. g3 Qg4 28. Bc2 Qe4 29. Qxe4 fxe4 30. Re1 e3 31. fxe3 Be5 32. g4 Bg3 33. Re2 Rf8 34. Bf5 Bxh4 35. Nxb4 Rf6 36. a3 g6 37. Bd3 Kg7 38. Rc2 Rf3 39. Rc7+ Kf6 40. Nc2 Ra5 41. Ka2 Rg3 42. Rd7 Rxg4 43. Rxd6+ Ke5 44. Rb6 Rxd5 45. Bxg6 Bf6 46. Bf7 Rd2 47. Re6+ Kf5 48. Rc6 Rgg2 49. Be6+ Kg6 50. Bb3 h5 51. e4 Rge2 52. Rc8 h4 53. Ba4 h3 54. Be8+ Kg5 55. Rc5+ Kh4 56. Kb3 h2 57. Rh5+ Kg3 58. e5 Bh4 0-1

[Event "SVK-chT1E 1617"]
[Site "Slovakia"]
[Date "2016.12.11"]
[Round "6.5"]
[White "Tropp, Frantisek"]
[Black "Micek, Jaroslav"]
[Result "0-1"]
[WhiteElo "2133"]
[BlackElo "2074"]
[PlyCount "86"]
[EventDate "2016.10.15"]
[EventType "team-tourn"]
[EventRounds "11"]
[EventCountry "SVK"]
[SourceTitle "EXT 2018"]
[Source "ChessBase"]
[SourceDate "2017.10.13"]
[SourceVersion "1"]
[SourceVersionDate "2017.10.13"]
[SourceQuality "1"]
[WhiteTeam "Liptov Chess School II"]
[BlackTeam "Margecany Eltra"]
[WhiteTeamCountry "SVK"]
[BlackTeamCountry "SVK"]

1. e4 d6 2. d4 Nf6 3. Nc3 c6 4. Nf3 Bg4 5. Be2 e6 6. 0-0 d5 7. e5 Nfd7 8. Bg5 Be7 9. Bxe7 Qxe7 10. a3 a6 11. b4 0-0 12. Na4 b5 13. Nc5 Nb6 14. Nd2 Bf5 15. Ndb3 N8d7 16. c3 Nxc5 17. dxc5 Na4 18. Qd2 Qc7 19. f4 f6 20. exf6 Rxf6 21. Nd4 Bg6 22. Bd1 Raf8 23. Bxa4 bxa4 24. Qe2 Be4 25. Qxa6 Rg6 26. g3 h5 27. Qxc6 Qf7 28. Qd6 h4 29. Kf2 hxg3+ 30. hxg3 Rh6 31. Qe5 Qg6 32. Rg1 Qg4 33. Ke3 Rff6 34. Qg5 Qh3 35. Nf3 Rh5 36. Rh1 Qxh1 37. Rxh1 Rxg5 38. c6 Rxg3 39. Rf1 Rxf3+ 40. Rxf3 Bxf3 41. Kxf3 e5 42. b5 Rxf4+ 43. Ke3 Rc4 0-1

[Event "SVK-chT2A 1415"]
[Site "Slovakia"]
[Date "2014.11.08"]
[Round "3.3"]
[White "Micek, Jaroslav"]
[Black "Puskar, Peter"]
[Result "0-1"]
[WhiteElo "2112"]
[BlackElo "2051"]
[PlyCount "76"]
[EventDate "2014.10.11"]
[EventType "team-tourn"]
[EventRounds "11"]
[EventCountry "SVK"]
[SourceTitle "EXT 2016"]
[Source "ChessBase"]
[SourceDate "2015.10.08"]
[SourceVersion "1"]
[SourceVersionDate "2015.10.08"]
[SourceQuality "1"]
[WhiteTeam "Bratislava Lokomotiva"]
[BlackTeam "Trnava Lokomotiva II"]
[WhiteTeamCountry "SVK"]
[BlackTeamCountry "SVK"]

1. d4 e6 2. Nf3 Nf6 3. e3 b6 4. Bd3 Bb7 5. 0-0 Be7 6. c4 0-0 7. Nc3 d5 8. cxd5 exd5 9. Qc2 Nbd7 10. Bd2 c5 11. b3 Re8 12. Rfd1 Rc8 13. dxc5 bxc5 14. Be2 Bd6 15. Rac1 Bb8 16. Qf5 a6 17. Na4 Qe7 18. Re1 Ne4 19. Ba5 Qd6 20. Nc3 Ne5 21. g3 g6 22. Qh3 Nxf3+ 23. Bxf3 Ng5 24. Qg2 Nxf3+ 25. Qxf3 Bc6 26. Rcd1 Re5 27. Qg4 Rce8 28. Ne2 Rf5 29. Qh3 d4 30. Nf4 Qf6 31. Bd2 Bxf4 32. gxf4 Re7 33. Qg3 Qd6 34. h3 Qd5 35. Qh2 Qf3 36. Bc1 g5 37. Ba3 gxf4 38. Bxc5 Ree5 0-1

[Event "SVK-chT2D 1314"]
[Site "Slovakia"]
[Date "2014.02.23"]
[Round "9.3"]
[White "Micek, Jaroslav"]
[Black "Najgebauer, Szemjon"]
[Result "1/2-1/2"]
[WhiteElo "2070"]
[BlackElo "2214"]
[PlyCount "33"]
[EventDate "2013.10.19"]
[EventType "team-tourn"]
[EventRounds "11"]
[EventCountry "SVK"]
[SourceTitle "EXT 2015"]
[Source "ChessBase"]
[SourceDate "2014.11.20"]
[SourceVersion "1"]
[SourceVersionDate "2014.11.20"]
[SourceQuality "1"]
[WhiteTeam "Margecany"]
[BlackTeam "Kosice Slavia UPJS III"]
[WhiteTeamCountry "SVK"]
[BlackTeamCountry "SVK"]

1. e4 c5 2. Nc3 Nc6 3. Nf3 Nf6 4. e5 Ng4 5. Qe2 Qc7 6. Nd5 Qb8 7. d4 cxd4 8. Bf4 e6 9. h3 Nh6 10. Bxh6 exd5 11. Bf4 Bb4+ 12. Bd2 Bxd2+ 13. Qxd2 0-0 14. 0-0-0 d6 15. exd6 Qxd6 16. Nxd4 Be6 17. Kb1 1/2-1/2

[Event "SVK-chT2D 1213"]
[Site "Slovakia"]
[Date "2013.03.17"]
[Round "11.2"]
[White "Micek, Jaroslav"]
[Black "Najgebauer, Szemjon"]
[Result "0-1"]
[WhiteElo "2083"]
[BlackElo "2187"]
[PlyCount "108"]
[EventDate "2012.10.13"]
[EventType "team-tourn"]
[EventRounds "11"]
[EventCountry "SVK"]
[SourceTitle "EXT 2015"]
[Source "ChessBase"]
[SourceDate "2014.11.20"]
[SourceVersion "1"]
[SourceVersionDate "2014.11.20"]
[SourceQuality "1"]
[WhiteTeam "Margecany"]
[BlackTeam "Kosice Slavia UPJS III"]
[WhiteTeamCountry "SVK"]
[BlackTeamCountry "SVK"]

1. e4 c5 2. a3 Nc6 3. b4 Nf6 4. b5 Nb8 5. e5 Nd5 6. c4 Nc7 7. Bb2 d6 8. exd6 Qxd6 9. Nf3 Bg4 10. Be2 Nd7 11. 0-0 f6 12. d4 cxd4 13. Nxd4 Bxe2 14. Qxe2 e5 15. Rd1 Qe7 16. Nf5 Qe6 17. Ne3 Bc5 18. Nd5 Rc8 19. Nbc3 0-0 20. Rd3 Nb6 21. Nxb6 Bxb6 22. Rh3 Qf7 23. Rd1 Bd4 24. Ne4 Ne6 25. Rg3 Nf4 26. Qd2 Qxc4 27. Nd6 Ne2+ 28. Kh1 Nxg3+ 29. hxg3 Qb3 30. Nxc8 Rxc8 31. Bxd4 Rd8 32. Qe2 Qd5 33. Qc2 exd4 34. Qd3 Re8 35. Kg1 Re5 36. a4 g6 37. Kf1 Rh5 38. Qxd4 Rh1+ 39. Ke2 Rxd1 40. Qxd1 Qxd1+ 41. Kxd1 Kf7 42. Kd2 Ke6 43. g4 Kd5 44. Kd3 Kc5 45. Kc3 h6 46. f4 f5 47. gxf5 gxf5 48. Kd3 Kd5 49. g3 h5 50. Ke3 Kc4 51. a5 Kxb5 52. Kd4 Kxa5 53. Ke5 b5 54. Kxf5 b4 0-1

[Event "SVK-chT2D 1213"]
[Site "Slovakia"]
[Date "2012.12.15"]
[Round "5.2"]
[White "Presalovic, Marcel"]
[Black "Micek, Jaroslav"]
[Result "0-1"]
[WhiteElo "2135"]
[BlackElo "2083"]
[PlyCount "142"]
[EventDate "2012.10.13"]
[EventType "team-tourn"]
[EventRounds "11"]
[EventCountry "SVK"]
[SourceTitle "EXT 2015"]
[Source "ChessBase"]
[SourceDate "2014.11.20"]
[SourceVersion "1"]
[SourceVersionDate "2014.11.20"]
[SourceQuality "1"]
[WhiteTeam "Gelnica Slovan"]
[BlackTeam "Margecany"]
[WhiteTeamCountry "SVK"]
[BlackTeamCountry "SVK"]

1. c4 e5 2. Nf3 Nc6 3. Nc3 g6 4. g3 Bg7 5. Bg2 Nge7 6. 0-0 0-0 7. e4 d6 8. d3 h6 9. Be3 Be6 10. Nd5 f5 11. Qc1 g5 12. Rd1 fxe4 13. dxe4 Bg4 14. Nd2 Bxd1 15. Qxd1 Nd4 16. Nb3 c5 17. Qg4 Nxd5 18. exd5 Qc8 19. Qd1 Qf5 20. Rc1 Nf3+ 21. Bxf3 Qxf3 22. Qxf3 Rxf3 23. Nd2 Rf7 24. Ne4 Bf8 25. g4 a6 26. a4 Rb8 27. a5 b5 28. axb6 Rxb6 29. Ra1 Rd7 30. Ra2 Kf7 31. Kf1 Kg6 32. Bd2 Rb3 33. Ke2 Be7 34. Bc3 h5 35. h3 hxg4 36. hxg4 Rb8 37. Ke3 Rh8 38. b4 cxb4 39. Bxb4 Rb8 40. Bxd6 Rb3+ 41. Ke2 Bxd6 42. Nxd6 a5 43. Nb5 Rd8 44. Nc7 Rh8 45. c5 e4 46. Rxa5 Rhh3 47. Ra6+ Kf7 48. Re6 Rb2+ 49. Kf1 Rh2 50. Rxe4 Rb1+ 51. Ke2 Rb2+ 52. Ke3 Rhxf2 53. Kd4 Rb4+ 54. Ke5 Rxe4+ 55. Kxe4 Rf4+ 56. Ke5 Rxg4 57. Ne6 Rg1 58. c6 Ke8 59. d6 Re1+ 60. Kd5 Rd1+ 61. Kc5 g4 62. c7 Kd7 63. Nf8+ Kc8 64. Ne6 g3 65. Nf4 Rd2 66. Kc6 Rc2+ 67. Kb5 g2 68. Nxg2 Rxg2 69. Kb6 Rc2 70. Kb5 Kd7 71. Kb6 Kxd6 0-1

[Event "SVK-chT2D 1112"]
[Site "Slovakia"]
[Date "2012.02.26"]
[Round "11.5"]
[White "Micek, Jaroslav"]
[Black "Marvanyi, Milan"]
[Result "1-0"]
[WhiteElo "2073"]
[BlackElo "1823"]
[PlyCount "65"]
[EventDate "2011.10.08"]
[EventType "team-tourn"]
[EventRounds "11"]
[EventCountry "SVK"]
[SourceTitle "EXT 2013"]
[Source "ChessBase"]
[SourceDate "2012.11.22"]
[SourceVersion "1"]
[SourceVersionDate "2012.11.22"]
[SourceQuality "1"]
[WhiteTeam "Margecany OSK"]
[BlackTeam "Presov Tatran"]
[WhiteTeamCountry "SVK"]
[BlackTeamCountry "SVK"]

1. d4 d5 2. Bg5 h6 3. Bh4 Nd7 4. Nf3 Ngf6 5. e3 e6 6. Bd3 Be7 7. Nbd2 c5 8. c3 c4 9. Bc2 0-0 10. 0-0 b6 11. Bxf6 Nxf6 12. Ne5 Bb7 13. f4 Nd7 14. Qh5 f5 15. g4 Nxe5 16. fxe5 Qe8 17. Qxe8 Raxe8 18. gxf5 exf5 19. Bxf5 Bg5 20. Rae1 g6 21. Bxg6 Rxf1+ 22. Nxf1 Re7 23. Ng3 Bc8 24. Bf5 Bxf5 25. Nxf5 Re6 26. e4 dxe4 27. Rxe4 b5 28. d5 Re8 29. h4 Bc1 30. d6 Bxb2 31. d7 Rd8 32. e6 Ba3 33. Nd4 1-0